[Event "1st Stars Cup 2016"]
[Site "Guilan, Iran"]
[Date "2016.07.15"]
[Round "5"]
[Board "7"]
[White "Lorparizangeneh, Shahin"]
[Black "Lu, Shanglei"]
[Result "1-0"]
[WhiteElo "2468"]
[BlackElo "2611"]
[PlyCount "0"]
[EventDate "2016.07.11"]
[EventType "team"]
[EventRounds "10"]
[EventCountry "IRI"]
[WhiteTeam "Iran Stars"]
[BlackTeam "World Stars"]

1. d4 {[%clk 1:30:58]} Nf6 {[%clk 1:30:19]} 2. c4 {[%clk 1:30:54]} c6
{[%clk 1:30:12]} 3. Nc3 {[%clk 1:30:45]} d5 {[%clk 1:30:33]} 4. cxd5
{[%clk 1:31:11]} cxd5 {[%clk 1:30:40]} 5. Bf4 {[%clk 1:31:36]} Nc6
{[%clk 1:30:07]} 6. e3 {[%clk 1:32:00]} a6 {[%clk 1:28:26]} 7. Bd3
{[%clk 1:32:20]} Bg4 {[%clk 1:28:30]} 8. Nge2 {[%clk 1:32:45]} e6
{[%clk 1:28:52]} 9. O-O {[%clk 1:33:10]} Be7 {[%clk 1:26:08]} 10. Rc1
{[%clk 1:33:08]} O-O {[%clk 1:25:22]} 11. Na4 {[%clk 1:30:42]} Nd7
{[%clk 1:23:15]} 12. a3 {[%clk 1:30:49]} Bh5 {[%clk 1:06:08]} 13. Bg3
{[%clk 1:29:40]} Rc8 {[%clk 0:34:55]} 14. b4 {[%clk 1:28:37]} Bg6
{[%clk 0:28:02]} 15. Nf4 {[%clk 1:20:23]} Nb6 {[%clk 0:26:55]} 16. Nxg6
{[%clk 1:15:50]} hxg6 {[%clk 0:26:46]} 17. Nc5 {[%clk 1:16:15]} Bxc5
{[%clk 0:27:33]} 18. bxc5 {[%clk 1:13:24]} Nd7 {[%clk 0:27:49]} 19. Qb3
{[%clk 0:53:29]} Na5 {[%clk 0:27:22]} 20. Qa2 {[%clk 0:52:58]} Re8
{[%clk 0:27:05]} 21. Rfd1 {[%clk 0:52:08]} Nb8 {[%clk 0:24:27]} 22. Rb1
{[%clk 0:51:59]} Nbc6 {[%clk 0:23:04]} 23. Be2 {[%clk 0:52:04]} g5
{[%clk 0:21:53]} 24. Rb6 {[%clk 0:49:31]} Qf6 {[%clk 0:21:32]} 25. Bd6
{[%clk 0:48:32]} Rcd8 {[%clk 0:21:02]} 26. Qd2 {[%clk 0:45:52]} Rd7
{[%clk 0:20:10]} 27. f4 {[%clk 0:43:52]} Rxd6 {[%clk 0:18:56]} 28. cxd6
{[%clk 0:43:38]} gxf4 {[%clk 0:19:23]} 29. exf4 {[%clk 0:34:33]} Rd8
{[%clk 0:19:04]} 30. Qe3 {[%clk 0:17:53]} Rxd6 {[%clk 0:19:24]} 31. Bd3
{[%clk 0:17:43]} Rd8 {[%clk 0:13:56]} 32. f5 {[%clk 0:14:27]} exf5
{[%clk 0:14:12]} 33. Rf1 {[%clk 0:11:26]} g6 {[%clk 0:13:21]} 34. g4
{[%clk 0:11:36]} Qe6 {[%clk 0:12:48]} 35. Qg5 {[%clk 0:11:39]} f4
{[%clk 0:03:34]} 36. Qxf4 {[%clk 0:11:30]} Re8 {[%clk 0:03:58]} 37. Rb2
{[%clk 0:06:46]} Qe3+ {[%clk 0:04:09]} 38. Qxe3 {[%clk 0:06:48]} Rxe3
{[%clk 0:04:34]} 39. Rd1 {[%clk 0:07:14]} b5 {[%clk 0:04:40]} 40. Kf2
{[%clk 0:07:12]} Re6 {[%clk 0:04:08]} 41. Be2 {[%clk 0:07:31]} Rf6+
{[%clk 0:03:18]} 42. Kg3 {[%clk 0:07:33]} Nc4 {[%clk 0:02:57]} 43. Bxc4
{[%clk 0:07:24]} dxc4 {[%clk 0:03:24]} 44. Re2 {[%clk 0:05:49]} Rd6
{[%clk 0:03:12]} 45. d5 {[%clk 0:06:15]} Na5 {[%clk 0:03:40]} 46. Re8+
{[%clk 0:05:41]} Kg7 {[%clk 0:04:06]} 47. Rc8 {[%clk 0:06:08]} g5
{[%clk 0:02:58]} 48. Kf3 {[%clk 0:06:13]} f6 {[%clk 0:01:28]} 49. Ke4
{[%clk 0:06:34]} Kf7 {[%clk 0:01:50]} 50. a4 {[%clk 0:01:39]} Nb3
{[%clk 0:01:18]} 51. axb5 {[%clk 0:01:14]} axb5 {[%clk 0:01:45]} 52. Rc7+
{[%clk 0:00:55]} Ke8 {[%clk 0:01:59]} 53. Re1 {[%clk 0:00:41]} Kd8
{[%clk 0:02:15]} 54. Ra7 {[%clk 0:01:06]} b4 {[%clk 0:01:36]} 55. Rh1
{[%clk 0:00:48]} Nd2+ {[%clk 0:01:10]} 56. Kd4 {[%clk 0:01:02]} c3
{[%clk 0:00:47]} 57. Ra4 {[%clk 0:00:47]} Rb6 {[%clk 0:00:35]} 58. Kc5
{[%clk 0:01:05]} Rb8 {[%clk 0:00:32]} 59. Rxb4 {[%clk 0:01:13]} Rc8+
{[%clk 0:00:39]} 60. Kd4 {[%clk 0:00:58]} c2 {[%clk 0:00:34]} 61. Rc1
{[%clk 0:01:24]} Nf3+ {[%clk 0:01:01]} 62. Ke4 {[%clk 0:00:45]} Nxh2
{[%clk 0:01:08]} 63. Kf5 {[%clk 0:00:37]} Ke7 {[%clk 0:01:35]} 64. Rb2
{[%clk 0:00:38]} Rc4 {[%clk 0:00:39]} 65. Rcxc2 {[%clk 0:00:40]} Rf4+
{[%clk 0:01:05]} 66. Kg6 {[%clk 0:01:07]} Nxg4 {[%clk 0:01:33]} 67. Rb6
{[%clk 0:01:15]} Kd7 {[%clk 0:01:52]} 68. Ra2 {[%clk 0:00:56]} Ne5+
{[%clk 0:01:22]} 69. Kg7 {[%clk 0:01:22]} Rd4 {[%clk 0:00:39]} 70. Ra7+
{[%clk 0:01:42]} Kc8 {[%clk 0:01:05]} 71. Rxf6 {[%clk 0:01:31]} Kb8
{[%clk 0:01:28]} 72. Re7 {[%clk 0:01:54]} 1-0

[Event "1st Stars Cup 2016"]
[Site "Guilan, Iran"]
[Date "2016.07.15"]
[Round "5"]
[Board "8"]
[White "Ghaem Maghami, Ehsan"]
[Black "Mchedlishvili, Mikheil"]
[Result "1-0"]
[WhiteElo "2569"]
[BlackElo "2604"]
[PlyCount "0"]
[EventDate "2016.07.11"]
[EventType "team"]
[EventRounds "10"]
[EventCountry "IRI"]
[WhiteTeam "Iran Stars"]
[BlackTeam "World Stars"]

1. Nf3 {[%clk 1:30:56]} Nf6 {[%clk 1:30:35]} 2. c4 {[%clk 1:31:08]} g6
{[%clk 1:29:20]} 3. Nc3 {[%clk 1:31:16]} Bg7 {[%clk 1:26:07]} 4. e4
{[%clk 1:30:21]} d6 {[%clk 1:25:54]} 5. d4 {[%clk 1:30:40]} O-O {[%clk 1:26:15]}
6. Be2 {[%clk 1:30:53]} e5 {[%clk 1:25:31]} 7. O-O {[%clk 1:30:24]} c6
{[%clk 1:23:24]} 8. d5 {[%clk 1:20:44]} Na6 {[%clk 1:18:59]} 9. Be3
{[%clk 1:19:41]} Ng4 {[%clk 1:13:59]} 10. Bg5 {[%clk 1:19:45]} f6
{[%clk 1:14:11]} 11. Bh4 {[%clk 1:17:46]} h5 {[%clk 1:06:42]} 12. Nd2
{[%clk 1:12:54]} Nh6 {[%clk 1:01:26]} 13. f3 {[%clk 1:12:47]} g5 {[%clk 0:57:09]}
14. Bf2 {[%clk 1:09:21]} f5 {[%clk 0:54:22]} 15. c5 {[%clk 1:04:37]} cxd5
{[%clk 0:43:28]} 16. Bxa6 {[%clk 1:04:28]} bxa6 {[%clk 0:43:51]} 17. Nxd5
{[%clk 1:04:32]} Nf7 {[%clk 0:38:41]} 18. Rc1 {[%clk 0:59:38]} Be6
{[%clk 0:32:57]} 19. Nc4 {[%clk 0:59:21]} Bxd5 {[%clk 0:17:37]} 20. Qxd5
{[%clk 0:58:34]} dxc5 {[%clk 0:16:53]} 21. Qxd8 {[%clk 0:56:16]} Rfxd8
{[%clk 0:12:28]} 22. exf5 {[%clk 0:55:59]} Nh6 {[%clk 0:09:30]} 23. Be3
{[%clk 0:54:46]} Nxf5 {[%clk 0:08:46]} 24. Bxg5 {[%clk 0:55:06]} Rd5
{[%clk 0:09:09]} 25. Ne3 {[%clk 0:54:25]} Nxe3 {[%clk 0:09:29]} 26. Bxe3
{[%clk 0:54:50]} Bf8 {[%clk 0:07:56]} 27. b3 {[%clk 0:51:14]} Kf7
{[%clk 0:07:35]} 28. Rc4 {[%clk 0:51:01]} Rad8 {[%clk 0:05:23]} 29. Kf2
{[%clk 0:49:41]} Rd1 {[%clk 0:05:19]} 30. Ra4 {[%clk 0:48:08]} R1d6
{[%clk 0:04:01]} 31. Rc1 {[%clk 0:47:52]} Rc6 {[%clk 0:04:09]} 32. Ke2
{[%clk 0:48:00]} Ke6 {[%clk 0:02:33]} 33. Rh4 {[%clk 0:47:59]} Kd5 1-0

[Event "1st Stars Cup 2016"]
[Site "Guilan, Iran"]
[Date "2016.07.15"]
[Round "5"]
[Board "9"]
[White "Ehlvest, Jaan"]
[Black "Darini, Pouria"]
[Result "1-0"]
[WhiteElo "2524"]
[BlackElo "2524"]
[PlyCount "0"]
[EventDate "2016.07.11"]
[EventType "team"]
[EventRounds "10"]
[EventCountry "IRI"]
[WhiteTeam "World Stars"]
[BlackTeam "Iran Stars"]

1. Nf3 {[%clk 1:30:57]} Nf6 {[%clk 1:30:55]} 2. g3 {[%clk 1:31:22]} g6
{[%clk 1:31:21]} 3. b3 {[%clk 1:31:47]} Bg7 {[%clk 1:31:36]} 4. Bb2
{[%clk 1:32:13]} c5 {[%clk 1:31:06]} 5. c4 {[%clk 1:31:04]} d6 {[%clk 1:30:06]}
6. Bg2 {[%clk 1:24:17]} e5 {[%clk 1:30:23]} 7. Nc3 {[%clk 1:20:25]} Nc6
{[%clk 1:29:46]} 8. d3 {[%clk 1:16:23]} O-O {[%clk 1:29:55]} 9. Nd2
{[%clk 1:16:47]} Be6 {[%clk 1:23:10]} 10. Nde4 {[%clk 1:15:04]} Nh5
{[%clk 1:20:15]} 11. Qd2 {[%clk 1:11:15]} h6 {[%clk 1:03:06]} 12. Nd5
{[%clk 0:59:16]} f5 {[%clk 0:48:54]} 13. Nec3 {[%clk 0:59:31]} Qd7
{[%clk 0:49:21]} 14. f4 {[%clk 0:57:46]} Ne7 {[%clk 0:42:09]} 15. Nxe7+
{[%clk 0:43:56]} Qxe7 {[%clk 0:42:30]} 16. O-O-O {[%clk 0:44:17]} Nf6
{[%clk 0:41:55]} 17. e4 {[%clk 0:40:16]} Rae8 {[%clk 0:37:01]} 18. Rhf1
{[%clk 0:37:10]} exf4 {[%clk 0:23:16]} 19. gxf4 {[%clk 0:23:14]} Nh5
{[%clk 0:18:38]} 20. Bf3 {[%clk 0:10:15]} fxe4 {[%clk 0:04:00]} 21. Bxe4
{[%clk 0:06:44]} Bf5 {[%clk 0:03:57]} 22. Bxf5 {[%clk 0:06:42]} gxf5
{[%clk 0:00:46]} 23. Rg1 {[%clk 0:05:33]} Kh7 {[%clk 0:00:46]} 24. Nd5
{[%clk 0:04:16]} Qe2 {[%clk 0:01:14]} 25. Bxg7 {[%clk 0:02:16]} Qxd2+
{[%clk 0:01:40]} 26. Rxd2 {[%clk 0:02:35]} Nxg7 {[%clk 0:01:36]} 27. Rdg2
{[%clk 0:02:44]} Nh5 {[%clk 0:00:55]} 28. Rg6 {[%clk 0:01:16]} Re2
{[%clk 0:00:37]} 29. Rxd6 {[%clk 0:01:42]} Rf7 {[%clk 0:00:33]} 30. Rgg6
{[%clk 0:01:47]} Rg7 {[%clk 0:00:34]} 31. Rxh6+ {[%clk 0:01:27]} Kg8
{[%clk 0:01:03]} 32. Rd8+ {[%clk 0:01:20]} Kf7 {[%clk 0:01:32]} 33. Rd7+
{[%clk 0:01:42]} Ke8 {[%clk 0:01:51]} 34. Nf6+ {[%clk 0:01:38]} 1-0

[Event "1st Stars Cup 2016"]
[Site "Guilan, Iran"]
[Date "2016.07.15"]
[Round "5"]
[Board "10"]
[White "Vakhidov, Jahongir"]
[Black "Firouzja, Alireza"]
[Result "1-0"]
[WhiteElo "2586"]
[BlackElo "2481"]
[PlyCount "0"]
[EventDate "2016.07.11"]
[EventType "team"]
[EventRounds "10"]
[EventCountry "IRI"]
[WhiteTeam "World Stars"]
[BlackTeam "Iran Stars"]

1. d4 {[%clk 1:30:42]} Nf6 {[%clk 1:30:43]} 2. Nf3 {[%clk 1:30:57]} g6
{[%clk 1:30:35]} 3. g3 {[%clk 1:30:30]} Bg7 {[%clk 1:30:24]} 4. Bg2
{[%clk 1:30:49]} O-O {[%clk 1:30:09]} 5. O-O {[%clk 1:30:36]} d5 {[%clk 1:29:56]}
6. c4 {[%clk 1:30:35]} c6 {[%clk 1:27:53]} 7. b3 {[%clk 1:30:43]} dxc4
{[%clk 1:26:13]} 8. bxc4 {[%clk 1:31:02]} c5 {[%clk 1:26:38]} 9. Bb2
{[%clk 1:31:24]} cxd4 {[%clk 1:24:48]} 10. Nxd4 {[%clk 1:31:30]} Nbd7
{[%clk 1:23:28]} 11. Nd2 {[%clk 1:24:31]} Nc5 {[%clk 1:20:23]} 12. N2b3
{[%clk 1:22:50]} Nfd7 {[%clk 1:11:16]} 13. Rb1 {[%clk 1:20:33]} a6
{[%clk 1:10:10]} 14. Ba3 {[%clk 1:18:49]} Qc7 {[%clk 1:07:14]} 15. Nxc5
{[%clk 1:08:58]} Nxc5 {[%clk 1:07:25]} 16. Nc6 {[%clk 1:08:43]} bxc6
{[%clk 0:57:22]} 17. Bxc5 {[%clk 1:08:34]} Qe5 {[%clk 0:43:35]} 18. Be3
{[%clk 0:39:21]} Bf5 {[%clk 0:41:15]} 19. Rb6 {[%clk 0:38:18]} Be4
{[%clk 0:37:00]} 20. Bxe4 {[%clk 0:28:23]} Qxe4 {[%clk 0:37:20]} 21. Qa4
{[%clk 0:28:50]} a5 {[%clk 0:32:29]} 22. Rxc6 {[%clk 0:27:31]} h5
{[%clk 0:28:56]} 23. Rc7 {[%clk 0:26:00]} Rfc8 {[%clk 0:11:48]} 24. Rxc8+
{[%clk 0:18:27]} Rxc8 {[%clk 0:12:17]} 25. Rc1 {[%clk 0:18:34]} Bb2
{[%clk 0:09:42]} 26. Qc2 {[%clk 0:17:03]} Qe5 {[%clk 0:08:54]} 27. Rd1
{[%clk 0:17:21]} Ba3 {[%clk 0:07:26]} 28. c5 {[%clk 0:13:30]} h4 {[%clk 0:03:24]}
29. Qd3 {[%clk 0:02:13]} Bb2 {[%clk 0:01:25]} 30. Qd7 {[%clk 0:02:02]} Qc7
{[%clk 0:00:52]} 31. Qxc7 {[%clk 0:01:11]} Rxc7 {[%clk 0:01:21]} 32. gxh4
{[%clk 0:01:16]} f6 {[%clk 0:00:38]} 33. Rb1 {[%clk 0:01:35]} Bc3
{[%clk 0:00:49]} 34. a3 {[%clk 0:01:45]} Kf7 {[%clk 0:00:53]} 35. Rb6
{[%clk 0:01:39]} Rc8 {[%clk 0:00:52]} 36. Kg2 {[%clk 0:01:43]} Rh8
{[%clk 0:00:53]} 37. Rb3 {[%clk 0:01:44]} Be5 {[%clk 0:00:48]} 38. f4
{[%clk 0:01:55]} 1-0

[Event "1st Stars Cup 2016"]
[Site "Guilan, Iran"]
[Date "2016.07.16"]
[Round "6"]
[Board "1"]
[White "Firouzja, Alireza"]
[Black "Sargissian, Gabriel"]
[Result "1/2-1/2"]
[WhiteElo "2481"]
[BlackElo "2679"]
[PlyCount "0"]
[EventDate "2016.07.11"]
[EventType "team"]
[EventRounds "10"]
[EventCountry "IRI"]
[WhiteTeam "Iran Stars"]
[BlackTeam "World Stars"]

1. e4 {[%clk 1:30:48]} e6 {[%clk 1:30:43]} 2. d4 {[%clk 1:29:07]} d5
{[%clk 1:30:10]} 3. Nc3 {[%clk 1:29:28]} Bb4 {[%clk 1:29:47]} 4. exd5
{[%clk 1:25:48]} exd5 {[%clk 1:30:04]} 5. Bd3 {[%clk 1:25:59]} c6
{[%clk 1:29:56]} 6. Nge2 {[%clk 1:24:00]} Nf6 {[%clk 1:24:50]} 7. O-O
{[%clk 1:20:40]} O-O {[%clk 1:24:42]} 8. Ng3 {[%clk 1:17:59]} Re8
{[%clk 1:24:25]} 9. h3 {[%clk 1:14:08]} Be6 {[%clk 1:23:36]} 10. Qf3
{[%clk 1:13:44]} Nbd7 {[%clk 1:22:09]} 11. Nce2 {[%clk 1:08:41]} Nf8
{[%clk 1:22:18]} 12. Bg5 {[%clk 1:04:09]} Be7 {[%clk 1:22:21]} 13. Nf4
{[%clk 0:42:33]} N6d7 {[%clk 1:17:16]} 14. Bxe7 {[%clk 0:36:26]} Qxe7
{[%clk 1:09:02]} 15. c3 g6 {[%clk 1:09:02]} 16. Rfe1 {[%clk 0:35:27]} Qg5
{[%clk 0:47:49]} 17. Re3 {[%clk 0:30:33]} f6 {[%clk 0:47:57]} 18. Rae1
{[%clk 0:27:35]} Bf7 {[%clk 0:48:12]} 19. Rxe8 {[%clk 0:25:15]} Rxe8
{[%clk 0:48:34]} 20. Rxe8 {[%clk 0:25:25]} Bxe8 {[%clk 0:48:59]} 21. Qe3
{[%clk 0:24:46]} Bf7 {[%clk 0:40:08]} 22. Nge2 {[%clk 0:23:51]} Ne6
{[%clk 0:39:18]} 23. g3 {[%clk 0:14:35]} f5 {[%clk 0:39:06]} 24. h4
{[%clk 0:14:23]} Qf6 {[%clk 0:39:20]} 25. Nxe6 Bxe6 {[%clk 0:32:26]} 26. Qf4
{[%clk 0:13:10]} Qf8 27. h5 {[%clk 0:11:14]} Kf7 {[%clk 0:31:29]} 28. Kg2
{[%clk 0:10:36]} Kf6 {[%clk 0:29:50]} 29. hxg6 {[%clk 0:09:10]} hxg6
{[%clk 0:28:44]} 30. Qc7 {[%clk 0:08:41]} Qb8 {[%clk 0:28:45]} 31. Qxb8
{[%clk 0:09:09]} Nxb8 {[%clk 0:29:07]} 32. f4 {[%clk 0:09:31]} Nd7
{[%clk 0:29:07]} 33. Ng1 {[%clk 0:09:31]} g5 {[%clk 0:27:51]} 34. Nf3
{[%clk 0:07:48]} Ke5 1/2-1/2

[Event "1st Stars Cup 2016"]
[Site "Guilan, Iran"]
[Date "2016.07.16"]
[Round "6"]
[Board "2"]
[White "Dreev, Aleksey"]
[Black "Khademalsharieh, Sarasadat"]
[Result "1-0"]
[WhiteElo "2664"]
[BlackElo "2445"]
[PlyCount "0"]
[EventDate "2016.07.11"]
[EventType "team"]
[EventRounds "10"]
[EventCountry "IRI"]
[WhiteTeam "World Stars"]
[BlackTeam "Iran Stars"]

1. d4 {[%clk 1:30:56]} Nf6 {[%clk 1:30:49]} 2. c4 {[%clk 1:31:22]} e6
{[%clk 1:31:11]} 3. Nc3 {[%clk 1:31:44]} Bb4 {[%clk 1:31:28]} 4. Qc2
{[%clk 1:32:10]} O-O {[%clk 1:31:28]} 5. Nf3 {[%clk 1:31:26]} d5 {[%clk 1:30:40]}
6. cxd5 {[%clk 1:30:34]} exd5 {[%clk 1:29:45]} 7. Bg5 {[%clk 1:30:36]} Nbd7
{[%clk 1:25:35]} 8. a3 {[%clk 1:28:58]} Bxc3+ {[%clk 1:25:17]} 9. Qxc3
{[%clk 1:29:23]} Re8 {[%clk 1:24:17]} 10. e3 {[%clk 1:29:12]} c6 {[%clk 1:23:25]}
11. Nd2 {[%clk 1:17:41]} Nf8 {[%clk 1:22:21]} 12. Bd3 {[%clk 1:13:11]} Ne6
{[%clk 1:21:16]} 13. Bh4 {[%clk 1:03:20]} Nf4 {[%clk 1:18:11]} 14. O-O
{[%clk 1:03:13]} Nxd3 {[%clk 1:18:35]} 15. Qxd3 {[%clk 1:03:37]} Qd6
{[%clk 1:16:14]} 16. f3 {[%clk 1:03:30]} Nd7 {[%clk 1:12:17]} 17. Rae1
{[%clk 1:00:32]} Nf8 18. e4 Be6 19. e5 {[%clk 0:51:19]} Qd7 {[%clk 0:59:59]} 20.
g4 {[%clk 0:37:30]} b6 {[%clk 0:38:27]} 21. h3 {[%clk 0:34:52]} c5
{[%clk 0:30:51]} 22. f4 {[%clk 0:33:46]} Qa4 {[%clk 0:30:39]} 23. f5
{[%clk 0:24:13]} Bd7 {[%clk 0:30:34]} 24. Rf4 {[%clk 0:24:15]} Qb5
{[%clk 0:28:15]} 25. Qc3 {[%clk 0:13:24]} Rac8 {[%clk 0:26:28]} 26. Bf2
{[%clk 0:12:44]} cxd4 {[%clk 0:25:25]} 27. Qxd4 {[%clk 0:13:02]} Rc2
{[%clk 0:23:57]} 28. b4 {[%clk 0:12:20]} Qc6 {[%clk 0:23:14]} 29. Rf3
{[%clk 0:08:33]} Rc8 {[%clk 0:18:38]} 30. e6 {[%clk 0:06:05]} fxe6
{[%clk 0:15:47]} 31. f6 {[%clk 0:06:27]} Ng6 {[%clk 0:14:30]} 32. f7+
{[%clk 0:06:31]} Kf8 {[%clk 0:14:07]} 33. Bg3 {[%clk 0:06:48]} Rc1
{[%clk 0:13:50]} 34. Rxc1 {[%clk 0:05:36]} Qxc1+ {[%clk 0:14:16]} 35. Rf1
{[%clk 0:05:53]} Qc6 {[%clk 0:12:33]} 36. Nf3 {[%clk 0:06:06]} Qc3
{[%clk 0:10:26]} 37. Bd6+ {[%clk 0:03:07]} Kxf7 {[%clk 0:09:58]} 38. Ne5+
{[%clk 0:03:24]} Kg8 {[%clk 0:09:27]} 39. Qxc3 {[%clk 0:02:35]} Rxc3
{[%clk 0:09:53]} 40. Nxd7 {[%clk 0:02:19]} Rxh3 {[%clk 0:10:06]} 41. b5
{[%clk 0:01:14]} Rb3 {[%clk 0:09:25]} 42. Nf8 {[%clk 0:00:34]} Rxb5
{[%clk 0:09:31]} 43. Nxe6 {[%clk 0:00:54]} Rb3 {[%clk 0:09:44]} 44. Rc1
{[%clk 0:01:09]} Kf7 {[%clk 0:07:33]} 45. Ng5+ {[%clk 0:01:19]} Kf6
{[%clk 0:07:59]} 46. Nxh7+ {[%clk 0:01:43]} Ke6 {[%clk 0:08:26]} 47. Bb8
{[%clk 0:01:50]} Ne7 {[%clk 0:07:03]} 48. Re1+ {[%clk 0:02:01]} Kf7
{[%clk 0:05:50]} 49. Ng5+ {[%clk 0:02:24]} Kf6 {[%clk 0:06:11]} 50. Bf4
{[%clk 0:02:27]} 1-0

[Event "1st Stars Cup 2016"]
[Site "Guilan, Iran"]
[Date "2016.07.16"]
[Round "6"]
[Board "3"]
[White "Edouard, Romain"]
[Black "Idani, Pouya"]
[Result "1-0"]
[WhiteElo "2639"]
[BlackElo "2560"]
[PlyCount "0"]
[EventDate "2016.07.11"]
[EventType "team"]
[EventRounds "10"]
[EventCountry "IRI"]
[WhiteTeam "World Stars"]
[BlackTeam "Iran Stars"]

1. d4 {[%clk 1:30:58]} Nf6 {[%clk 1:30:56]} 2. c4 {[%clk 1:31:24]} e6
{[%clk 1:31:23]} 3. Nc3 {[%clk 1:31:49]} Bb4 {[%clk 1:31:50]} 4. Nf3
{[%clk 1:32:09]} c5 {[%clk 1:32:17]} 5. g3 {[%clk 1:32:33]} Bxc3+
{[%clk 1:32:44]} 6. bxc3 {[%clk 1:32:58]} Qa5 {[%clk 1:33:11]} 7. Bd2
{[%clk 1:32:20]} b6 {[%clk 1:33:32]} 8. Bg2 {[%clk 1:32:36]} Bb7 {[%clk 1:33:58]}
9. O-O {[%clk 1:32:49]} O-O {[%clk 1:34:25]} 10. d5 {[%clk 1:30:03]} Qa6
{[%clk 1:22:09]} 11. Re1 {[%clk 1:16:50]} Ne4 {[%clk 1:13:13]} 12. Qb3
{[%clk 1:16:35]} d6 {[%clk 1:06:44]} 13. Ng5 {[%clk 1:07:03]} Nxg5
{[%clk 1:06:53]} 14. Bxg5 {[%clk 1:07:28]} Re8 {[%clk 1:02:45]} 15. a4
{[%clk 1:04:11]} Nd7 {[%clk 0:58:31]} 16. Bf4 {[%clk 1:03:08]} e5
{[%clk 0:56:00]} 17. Bd2 {[%clk 1:01:05]} e4 18. Bf4 Ne5 19. Bxe5
{[%clk 0:56:59]} Rxe5 {[%clk 0:53:24]} 20. a5 {[%clk 0:57:14]} bxa5
{[%clk 0:53:13]} 21. Reb1 {[%clk 0:56:55]} Re7 {[%clk 0:44:56]} 22. Ra4
{[%clk 0:52:12]} Bc8 {[%clk 0:43:07]} 23. Qb5 {[%clk 0:46:20]} Qxb5
{[%clk 0:38:56]} 24. cxb5 {[%clk 0:46:45]} Rb8 {[%clk 0:37:03]} 25. Rxa5
{[%clk 0:46:31]} f5 {[%clk 0:27:27]} 26. Rba1 {[%clk 0:46:01]} c4
{[%clk 0:27:00]} 27. e3 {[%clk 0:40:15]} Rc7 {[%clk 0:25:54]} 28. Bf1
{[%clk 0:38:29]} Rc5 {[%clk 0:20:03]} 29. Rxa7 {[%clk 0:37:09]} Bb7
{[%clk 0:18:22]} 30. R1a5 {[%clk 0:28:24]} Bxd5 {[%clk 0:17:39]} 31. Rd7
{[%clk 0:23:13]} Rcxb5 {[%clk 0:18:01]} 32. Raa7 {[%clk 0:23:07]} Kf8
{[%clk 0:15:05]} 33. Rxd6 {[%clk 0:18:02]} R8b7 {[%clk 0:13:08]} 34. Rxd5
{[%clk 0:18:16]} 1-0

[Event "1st Stars Cup 2016"]
[Site "Guilan, Iran"]
[Date "2016.07.16"]
[Round "6"]
[Board "4"]
[White "Short, Nigel D"]
[Black "Gholami, Aryan"]
[Result "1/2-1/2"]
[WhiteElo "2652"]
[BlackElo "2454"]
[PlyCount "0"]
[EventDate "2016.07.11"]
[EventType "team"]
[EventRounds "10"]
[EventCountry "IRI"]
[WhiteTeam "World Stars"]
[BlackTeam "Iran Stars"]

1. e4 {[%clk 1:30:51]} c5 {[%clk 1:30:56]} 2. Nf3 {[%clk 1:31:09]} e6
{[%clk 1:31:21]} 3. d4 {[%clk 1:31:27]} cxd4 {[%clk 1:31:44]} 4. Nxd4
{[%clk 1:31:51]} a6 {[%clk 1:32:08]} 5. c4 {[%clk 1:31:55]} Nf6 {[%clk 1:32:32]}
6. Nc3 {[%clk 1:32:16]} Qc7 {[%clk 1:32:58]} 7. Be2 {[%clk 1:32:28]} b6
{[%clk 1:30:24]} 8. O-O {[%clk 1:31:02]} Bb7 {[%clk 1:30:35]} 9. Qd3
{[%clk 1:31:23]} Bb4 {[%clk 1:19:50]} 10. Bg5 {[%clk 1:26:28]} Nc6
{[%clk 1:09:00]} 11. Nxc6 {[%clk 1:16:45]} Bxc6 {[%clk 1:09:17]} 12. a3
{[%clk 1:00:13]} Bd6 13. f4 {[%clk 0:56:01]} h6 {[%clk 1:00:41]} 14. Bxf6
{[%clk 0:56:26]} gxf6 {[%clk 0:54:03]} 15. Qd2 {[%clk 0:47:29]} e5
{[%clk 0:54:03]} 16. Rad1 {[%clk 0:47:29]} Ke7 {[%clk 0:50:29]} 17. fxe5
{[%clk 0:41:07]} Bxe5 {[%clk 0:50:41]} 18. h3 {[%clk 0:41:34]} Rag8
{[%clk 0:44:14]} 19. Kh1 {[%clk 0:36:27]} Rg3 {[%clk 0:39:20]} 20. Rf3
{[%clk 0:32:12]} Rhg8 {[%clk 0:36:35]} 21. Rxg3 {[%clk 0:32:33]} Rxg3
{[%clk 0:37:00]} 22. Bf3 {[%clk 0:26:47]} Bxc3 {[%clk 0:33:22]} 23. Qxc3
{[%clk 0:25:47]} Qe5 {[%clk 0:33:50]} 24. Qxe5+ {[%clk 0:18:55]} 1/2-1/2